Marvel Avengers Academy Characters Alphabetically - Statistics

General Stats
  • This quiz has been taken 509 times
    212 since last reset
  • The average score is 52 of 198
Answer Stats
Answer % Correct
Iron Man
95%
Black Widow
92%
Captain America
91%
Thor
87%
Thor (Jane Foster)
87%
Hulk
85%
Spider-Man
85%
Ant-Man
84%
Loki
81%
Black Panther
79%
Hawkeye
79%
Gamora
74%
Scarlet Witch
74%
Falcon
73%
Star-Lord
73%
Doctor Strange
72%
Groot
72%
Captain Marvel
70%
Drax the Destroyer
70%
Wasp
70%
Rocket Raccoon
68%
War Machine
65%
Nebula
64%
Vision
64%
Mantis
62%
Winter Soldier
62%
Nick Fury
60%
Odin
60%
Shuri
57%
Maria Hill
51%
Ultron
50%
She-Hulk
49%
Daredevil
46%
Wong
46%
Peggy Carter
45%
Okoye
43%
Phil Coulson
43%
Ms. Marvel
42%
Pepper Potts
42%
Red Hulk
42%
Iron Fist
41%
Heimdall
40%
Spider-Woman
40%
Valkyrie
40%
Yondu
40%
Venom
38%
Luke Cage
37%
Ghost
36%
Captain Britain
32%
Frigga
32%
Green Goblin
32%
Jessica Jones
32%
Moon Knight
32%
Killmonger
31%
Punisher
31%
Sif
31%
Electro
30%
Mysterio
30%
Black Bolt
29%
Doctor Octopus
29%
Spider-Gwen
29%
Elektra
28%
The Lizard
28%
A-Bomb
27%
Ghost Rider
27%
The Ancient One
27%
Adam Warlock
26%
Blade
26%
Korg
26%
Nova
26%
Yellowjacket
26%
J.A.R.V.I.S.
23%
Kate Bishop
23%
Medusa
23%
Miles Morales
23%
The Collector
23%
Bucky Barnes
22%
Spider-Girl
22%
Whiplash
22%
Agent 13
21%
Baron Zemo
21%
Black Cat
21%
Fandral
21%
Grandmaster
21%
Hank Pym
21%
Howard the Duck
21%
Ironheart
21%
Mandarin
21%
Quake
21%
Red She-Hulk
21%
Spider-Ham
21%
Spider-Man 2099
21%
Hulkling
20%
M.O.D.O.K.
20%
Taskmaster
20%
Volstagg
20%
Wiccan
20%
America Chavez
19%
Black Knight
19%
Cloak
19%
Crystal
19%
Dagger
19%
Hercules
19%
Hogun
19%
Mary Jane
19%
Mockingbird
19%
Ares
18%
Lockjaw
18%
Wonder Man
18%
Agent Venom
17%
Enchantress
17%
Mordo
17%
Squirrel Girl
17%
Miek
16%
Beta Ray Bill
15%
Bullseye
15%
Hellcat
15%
Speed
15%
Triton
15%
Union Jack
15%
White Tiger
15%
Gorgon
14%
Iron Lad
14%
Karnak
14%
Tigra
14%
Crossbones
13%
Misty Knight
13%
Skaar
13%
Angela
12%
Colleen Wing
12%
Amadeus Cho
11%
Cosmo the Spacedog
11%
Crimson Dynamo
11%
Dum-Dum-Dugan
11%
Leader
11%
Leo Fitz
11%
Man-Thing
11%
Werewolf by Night
11%
Devil Dinosaur
10%
Elsa Bloodstone
10%
Hope van Dyne
10%
J. Jonah Jameson
10%
Foggy Nelson
9%
Jemma Simmons
9%
Jocasta
9%
Karolina Dean
9%
Madame Hydra
9%
Mar-Vell
9%
Melinda May
9%
Moon Girl
9%
Nico Minoru
9%
Old Lace
9%
Patriot
9%
Silk
9%
Silver Sable
9%
Vampire by Night
9%
Viv
9%
Auran
8%
Captain America 2099
8%
Doctor Voodoo
8%
Goliath
8%
Jasper Sitwell
8%
Redwing
8%
Singularity
8%
Stick
8%
Stinger
8%
Dracula
7%
Firebird
7%
Ghost Rider 2099
7%
Hit-Monkey
7%
Hyperion
7%
Lucky
7%
Molly Hayes
7%
Satana
7%
Teen Groot
7%
Throg
7%
Voyager
7%
Zabu
7%
A.I.M. Scientist
6%
Claire Temple
6%
Iron Legion Robot
6%
Lil' Groot
6%
Longbow
6%
Madame Masque
6%
Orrgo
6%
Thane
6%
The Hood
6%
Thor Noir
6%
Hairball
5%
Inferno
5%
Jack O' Lantern
5%
Keeper Murdock
5%
Nadia Pym
5%
Newscaster Supreme
5%
Nightshade
5%
Noh-Varr
5%
Rick Jones
5%
Chitauri Soldier
4%
No matching quizzes found
Score Distribution
Percent of People with Each Score
Percentile by Number Answered
Your Score History
You have not taken this quiz since the last reset